O combate dos chefes (Registo nº 1747)

Detalhes MARC
000 -Etiqueta do registo
Cabeçalho 00835nam a22002651 4500
005 - Identificador da versão
Campo de controlo 20240827102700.0
010 ## - Número internacional normalizado dos livros (ISBN)
Número (ISBN) 9724501817
021 ## - Número do Depósito Legal
Código do país PT
Número 146649/00
100 ## - Dados gerais de processamento
Dados gerais de processamento 20070502d2000 cday0pory5003 ba
101 1# - Língua de publicação
Língua do texto, banda sonora, etc. Português
Língua do documento no original Francês
102 ## - Pais de publicação ou produção
País de publicação Portugal
105 ## - Campo de dados codificados: livros
Dados codificados dos livros a t 000zy
106 ## - Campo de dados codificados: material textual
Dados codificados do material textual r
200 1# - Titulo e menção de responsabilidade
Título próprio O combate dos chefes
Primeira menção de responsabilidade texto de René Goscinny
Outras menções de responsabilidade des. Albert Uderzo
210 ## - Publicação, Distribuição, etc. 
Lugar da edição, distribuição, etc. Lisboa
Nome do editor, distribuidor, etc. Meribérica/Liber
Data da publicação, distribuição, etc. D.L. 2000
Data da impressão reimp. 2004
215 ## - Descrição física 
Indicação específica da natureza do documento e extensão da espécie 48 p.
Outras indicações físicas todo il.
Dimensões 30 cm
225 2# - Colecção 
Título próprio da colecção Uma aventura de Astérix
Menção de responsabilidade relativa à colecção R. Goscinny e A. Uderzo
Indicação de volume 7
304 ## - Notas relativas a título e menção de responsabilidade 
Texto da nota Tit. orig.: Le combat des chefs
606 ## - Nome comum usado como assunto
Número de registo de entrada de autoridade 0000226
Palavra de ordem Literatura estrangeira infanto-juvenil
Subdivisão de assunto Banda desenhada
675 ## - Classificação Decimal Universal (CDU)
Notação 82-9
Edição
Língua da edição por
700 #1 - Nome de autor-pessoa física (responsabilidade principal)
Número de registo de entrada de autoridade 0000227
Palavra de ordem Goscinny
Outra parte do nome não tomada para palavra de ordem René
Datas 1926-1978
701 #1 - Nome de autor-pessoa física (co-responsabilidade principal)
Palavra de ordem Uderzo
Outra parte do nome não tomada para palavra de ordem Albert
Datas 1927-
Código de função Ilustrador / Técnico de desenho computorizado
942 ## - Elementos de entrada adicionados (Koha)
Tipo de item no Koha Livro
Exemplares
Situação do levantamento Origin of item (home branch) (coded) Biblioteca de empréstimo Código de barras Cota Circulation type (not for loan) Tipo de documento Nota do exemplar Damaged status
  Biblioteca Escolar da Coca Maravilhas Biblioteca Escolar da Coca Maravilhas BECM6804/05 8BD AST   Livro Sem mensagem